<The> Psychology of Money Timeless Lessons on Wealth, Greed, and Happiness

Na minha lista:
Detalhes bibliográficos
Autor principal: Housel, Morgan
Formato: Livro
Idioma:inglês
Publicado em: Petersfield Harriman House 2020
Edição:1st Edition
Assuntos:
Tags: Adicionar Tag
Sem tags, seja o primeiro a adicionar uma tag!

MARC

LEADER 00000nam a2200000 4500
001 0269394
005 20230118125259.1
020 |a 978-0-85719-768-9 
020 |a 978-0-85719-769-6 
041 0 |a eng 
044 |a GB 
245 1 0 |a <The> Psychology of Money  |b Timeless Lessons on Wealth, Greed, and Happiness  |c Morgan Housel 
250 |a 1st Edition 
264 1 |a Petersfield  |b Harriman House  |c 2020 
300 |a 242 s. 
610 2 0 |a peniaze 
610 2 0 |a správanie 
610 2 0 |a rozhodovanie 
610 2 0 |a financie osobné 
610 2 0 |a gramotnosť finančná 
610 2 0 |a psychológia 
100 1 |a Housel, Morgan